Reductions in organic synthesis: recent advances and practical applications ed by Ahmed F Abdel-Magid (Record no. 1214739)
[ view plain ]
| 000 -LEADER | |
|---|---|
| fixed length control field | 01164nam a2200301Ia 4500 |
| 003 - CONTROL NUMBER IDENTIFIER | |
| control field | OSt |
| 005 - DATE AND TIME OF LATEST TRANSACTION | |
| control field | 20221007125129.0 |
| 008 - FIXED-LENGTH DATA ELEMENTS--GENERAL INFORMATION | |
| fixed length control field | 221006b |||||||| |||| 00| 0 eng d |
| 020 ## - INTERNATIONAL STANDARD BOOK NUMBER | |
| International Standard Book Number | 0841233810 (hbd) |
| -- | 89.95 |
| 037 ## - SOURCE OF ACQUISITION | |
| Terms of availability | Textual |
| 040 ## - CATALOGING SOURCE | |
| Original cataloging agency | CDL |
| Transcribing agency | CDL |
| Language of cataloging | eng |
| 041 ## - LANGUAGE CODE | |
| Source of code | eng |
| Language code of text/sound track or separate title | eng |
| 100 ## - MAIN ENTRY--PERSONAL NAME | |
| Personal name | Abdel-Magid Ahmed F Ed |
| 9 (RLIN) | 721598 |
| 245 #0 - TITLE STATEMENT | |
| Title | Reductions in organic synthesis: recent advances and practical applications ed by Ahmed F Abdel-Magid |
| 260 ## - PUBLICATION, DISTRIBUTION, ETC. | |
| Place of publication, distribution, etc. | Washington, |
| Name of publisher, distributor, etc. | DC American Chemical Society |
| Date of publication, distribution, etc. | 1996 |
| 300 ## - PHYSICAL DESCRIPTION | |
| Extent | x, 228p |
| Dimensions | cm. |
| 490 ## - SERIES STATEMENT | |
| Series statement | A C S symposium series; 641 |
| 500 ## - GENERAL NOTE | |
| General note | Includes bibliographical references; Indexes 219-228p; ^n23/CSL/Carc/97-98/4850^d1997-11-24^mPurchase; ; 97-98/277^b1998-02-04^cEBA/162/97-98^d1998-01-01^eEducational Book Agency (India); ; 1998-02-20^bSB^c1998-03-26^dSB^r1998-05-14 |
| 650 ## - SUBJECT ADDED ENTRY--TOPICAL TERM | |
| Topical term or geographic name entry element | Reduction |
| 650 ## - SUBJECT ADDED ENTRY--TOPICAL TERM | |
| Topical term or geographic name entry element | Synthesis |
| 650 ## - SUBJECT ADDED ENTRY--TOPICAL TERM | |
| Topical term or geographic name entry element | Chemistry,Organic compounds |
| 942 ## - ADDED ENTRY ELEMENTS (KOHA) | |
| Classification part | E5:4-81, N6 |
| Koha item type | Textual |
| Source of classification or shelving scheme | Colon Classification (CC) |
| Withdrawn status | Lost status | Source of classification or shelving scheme | Damaged status | Not for loan | Home library | Current library | Date acquired | Source of acquisition | Total Checkouts | Full call number | Barcode | Date last seen | Price effective from | Koha item type |
|---|---|---|---|---|---|---|---|---|---|---|---|---|---|---|
| Colon Classification (CC) | Department of Chemistry Library | Department of Chemistry Library | 2022-10-07 | Educational, | E5:4-81 N6 | CD0006260 | 2022-10-07 | 2022-10-07 | Textual |
